| 000 | 00496nam a2200181Ia 4500 | ||
|---|---|---|---|
| 003 | GCL | ||
| 008 | 140319s9999 xx 000 0 eng d | ||
| 040 |
_aGCL / _cGCL |
||
| 082 | 0 | 4 |
_a941 _bB C |
| 100 | 1 | _aBORTHWICK, R.L. | |
| 245 | 1 | 0 |
_aCHURCHILL TO MAJOR: THE BRITISH PRIME MINISTERSHIP SINCE 1945 / _cBORTHWICK, R.L. |
| 700 | 1 | _aBURCH, MARTIN | |
| 260 |
_a[S.N] : _bHURST AND COMPANY ، _c1995 |
||
| 300 | _a264 P | ||
| 650 | 0 | 4 | _aPRIME MINISTERS |
| 650 | 0 | 4 | _aCHURCHILL |
| 942 |
_2ddc _cBK |
||
| 999 |
_c25093 _d25093 |
||